El Mundo Jurídico como instrumento para el adelanto de las condiciones y situaciones de las mujeres: una aproximación a la Ley de Paternidad Responsable /

Guardado en:
Bibliografiske detaljer
Hovedforfatter: Mora Mora, Alejandro
Format: Texto
Fag:
Tags: Tilføj Tag
Ingen Tags, Vær først til at tagge denne postø!

MARC

LEADER 00000 a a2200000 04500
001 16801
003
040
100 |a Mora Mora, Alejandro  
245 |a El Mundo Jurídico como instrumento para el adelanto de las condiciones y situaciones de las mujeres:   |b una aproximación a la Ley de Paternidad Responsable /  |c Alejandro Mora Mora  
650 |a IGUALDAD DE GENERO  
650 |a LEGISLACION  
650 |a SISTEMA JUDICIAL  
650 |a DERECHOS DE LA MUJER  
650 |a DISCRIMINACION BASADA EN EL GENERO  
650 |a PATERNIDAD  
650 |a RESPONSABILIDAD  
650 |a LEGISLACION  
773 |g volumen 10, número 3; páginas 271-285  
999 |c 32705  |d 32705